Export byl úspěšný — 

The edible rainbow garden

Saved in:
Bibliographic Details
Main Author: Rosalind Creasy
Format: Book
Language:Undetermined
Published: Boston, MA. Periplus 2000
Subjects:
Tags: Add Tag
No Tags, Be the first to tag this record!
Institutions: Trung tâm Học liệu Trường Đại học Cần Thơ
LEADER 00525nam a2200193Ia 4500
001 CTU_54818
008 210402s9999 xx 000 0 und d
020 |b 227000 
082 |a 635 
082 |b C912 
100 |a Rosalind Creasy 
245 4 |a The edible rainbow garden 
245 0 |c Rosalind Creasy 
260 |a Boston, MA. 
260 |b Periplus 
260 |c 2000 
650 |a vegetables gardening,vegetables 
650 |x varieties,cookery ( vegetables ) 
980 |a Trung tâm Học liệu Trường Đại học Cần Thơ